000 00731nam a2200229Ii 4500
003 JO-AjNU
008 230605s9999||||xx |||||||||||||| ||und||
017 _a2005/3/655
040 _aJO-AjNU
_bara
_erda
_cJO-AjNU
041 _aara
050 1 4 _aPJ 7515.G36 2005
100 3 _aتأليف غنيم،خالد إسماعيل علي,
_eauthor
_923828
245 0 0 _aمسك الخواطر
250 _aط1
264 3 1 _aعمان: المؤلف، 2005
300 _a137ص
336 _atext
_btxt
_2rdacontent
337 _aunmediated
_bn
_2rdamedia
338 _avolume
_bnc
_2rdacarrier
490 0 _aمجموعة مقالات وحكايات أدبية (1)
650 4 _aالأدب العربي - مقالات أدبية
_923829
999 _aA8682
_c12250
_d12250